Cargando...

Tree symbol worship in India : new survey of a pattern of folk religion.

Detalles Bibliográficos
Autor Principal: Sen Gupta, Sankar.,Ed
Formato: Printed Book
Publicado: Calcutta: Indian Publications, 1965.
Series:Indian folklore series,
Subjects:
LEADER 00574cam a22001571 4500
082 |a 291.212  |b SEN/T 
100 2 |a Sen Gupta, Sankar.,Ed. 
245 1 0 |a Tree symbol worship in India :  |b new survey of a pattern of folk religion.  |c  Sankar Sen Gupta. 
260 |a Calcutta:  |b Indian Publications,  |c 1965. 
300 |a xxxx, 170 p.  |b illus. 
490 0 |a Indian folklore series, 
504 |a Includes bibliographies. 
650 0 |a Tree worship  |z India. 
942 |c BK 
999 |c 316056  |d 316056 
952 |0 0  |1 0  |4 0  |7 0  |8 NFIC  |9 338052  |a SAN  |b SAN  |c GEN  |d 2020-12-02  |o 291.212 SEN/T  |p SAN1921  |w 2020-12-02  |y BK